| 000 | 00380nam a2200145Ia 4500 | ||
|---|---|---|---|
| 003 | GCL | ||
| 008 | 140319s9999 xx 000 0 ara d | ||
| 040 |
_aGCL / _cGCL |
||
| 082 | 0 | 4 |
_a273 _bع ه |
| 100 | 1 | _aغريد توما | |
| 245 | 1 | 0 |
_aهذه تعزيتى / _cغريد توما |
| 260 |
_a[S.N] : _b2000 للثقافة والنشر ، _c1981 |
||
| 300 | _a129 ص | ||
| 490 | _a | ||
| 999 |
_c53802 _d53802 |
||